| 000 | 00961nam a2200301Ia 4500 | ||
|---|---|---|---|
| 001 | Z_4579 | ||
| 003 | CHAP | ||
| 008 | 220113s1984 xx 000 0 und d | ||
| 010 | _a167654 | ||
| 040 | _cCHAP | ||
| 082 | _a630.72 U79 | ||
| 100 |
_aUniversidad Autónoma Metropolitana. Unidad Xochimilco. Departamento de Producción Agrícola y Animal. _9141926 |
||
| 245 |
_aEl sistema modular en la enseñanza de agronomía y medicina veterinaria y zootecnia : 10 años de experiencia de la UAM-X / _cpor UAM-X. Depto. de Producción Agrícola y Animal |
||
| 260 |
_aMéxico, D. F. : _bUAM-X, _c1984 |
||
| 300 | _a213 p. | ||
| 440 | _a | ||
| 500 | _a | ||
| 503 | _a | ||
| 650 |
_aAgricultura _xEstudio y enseñanza _91474 |
||
| 650 |
_aGanadería _xEstudio y enseñanza I. t. _9141927 |
||
| 650 |
_aVeterinaria _xEstudio y enseñanza _9118996 |
||
| 901 | _a630.72 U79 | ||
| 902 | _aA | ||
| 910 | _a1984 | ||
| 942 | _c1 | ||
| 942 | _cc1 | ||
| 999 |
_c167654 _d167654 |
||